Patrick Stewart Quotes: Professor X or Picard Quiz Stats

 Plays Quiz not verified by Sporcle

Challenge
Share
Tweet
Embed
Score 0/20 Timer 05:00
0 Plays Today
Quote Picard (P) or Xavier (X) % Correct
You're not the only one with special gifts.???
80.6%
We're not what you think. Not all of us.???
73.7%
We're not hiding. But we still have enemies out there.???
73.2%
The line must be drawn here! This far, no farther!???
71.2%
Mankind is not evil, just... uninformed.???
69.6%
It is possible to commit no mistakes and still lose. That is not a weakness; that is life.???
69.3%
Seize the time... Live now! Make now always the most precious time. Now will never come again.???
67.4%
What we leave behind is not as important as how we've lived.???
66.2%
Give me a chance. I might be able to help you find some answers.???
65.5%
When an individual acquires great power, the use or misuse of that power is everything. Will it be used for the greater good? Or will it be used for personal or for destructive end???
62.8%
Quote Picard (P) or Xavier (X) % Correct
I do not know if victory is possible. I only know that great sacrifice will be required. And because the fate of many will depend on a few, we must make the last stand.???
62%
We are what we are, and we're doing the best we can. It is not for you to set the standards by which we should be judged!???
61.7%
Imprisonment is an injury, regardless of how you justify it.???
60.6%
Things are only impossible until they're not!???
59.8%
I'm looking for hope.???
59.1%
If we're going to be damned, let's be damned for what we really are.???
56.4%
That was a long time ago. Mankind has evolved since then.???
49.3%
We think we've come so far. Torture of heretics, burning of witches, is all ancient history. Then, before you can blink an eye, suddenly, it threatens to start all over again.???
48.6%
Give him an order worth following. He'll take it.???
34%
Buried deep within you, beneath all the years of pain and anger, there is something that has never been nurtured: the potential to make yourself a better man.???
32%

You're not logged in!

Compare scores with friends on all Sporcle quizzes.
Join for Free
OR
Log In

You Might Also Like...

Show Comments

Extras

Top Quizzes Today


Score Distribution

Your Account Isn't Verified!

In order to create a playlist on Sporcle, you need to verify the email address you used during registration. Go to your Sporcle Settings to finish the process.

Report this User

Report this user for behavior that violates our Community Guidelines.

Details: